[Event "AUTO-ADV-4841"]
[Site "http://www.queenalice.com/game.php?id=1850656"]
[Date "2025.1.20"]
[Round "1"]
[White "Capixaba789"]
[Black "pollo"]
[Result "1-0"]
[WhiteElo "1800"]
[BlackElo "1791"]

1. e4 e5 2. Bc4 Nf6 3. Nf3 Bd6 4. d4 Nc6 5. a4 Nxe4 6. dxe5 Nxe5 7. Nxe5 Bxe5 8.
Qd5 Nd6 9. Qxe5+ Qe7 10. Qxe7+ Kxe7 11. Bd3 g6 12. O-O b6 13. Be3 f5 14. Nc3 Bb7
15. Nb5 Nxb5 16. axb5 c6 17. Rfe1 Kd8 18. bxc6 Bxc6 19. Rxa7 Rxa7 20. Bxb6+ Rc7
21. Bxc7+ Kxc7 22. h3 h5 23. Re7 Ra8 24. f3 Kd8 25. Rg7 Ra2 26. b3 d5 27. Rxg6
Bd7 28. Rg5 h4 29. Rh5 d4 30. Rxh4 Ra1+ 31. Kh2 1-0

[Event "AUTO-ADV-4841"]
[Site "http://www.queenalice.com/game.php?id=1850657"]
[Date "2025.1.20"]
[Round "1"]
[White "pollo"]
[Black "silverado"]
[Result "0-1"]
[WhiteElo "1813"]
[BlackElo "1979"]

1. e4 e5 2. Nf3 Nc6 3. Bc4 h6 4. d3 Bc5 5. Nc3 d6 6. Nd5 Nf6 7. O-O Nxd5 8. Bxd5
Qf6 9. h3 O-O 10. b3 Nd4 11. Nxd4 Bxd4 12. Rb1 c6 13. Bxf7+ Rxf7 14. Bb2 Bxf2+
15. Kh1 Qh4 16. Qd2 Bxh3 17. g3 Qxg3 18. Rxf2 Rxf2 0-1

[Event "AUTO-ADV-4841"]
[Site "http://www.queenalice.com/game.php?id=1850658"]
[Date "2025.1.20"]
[Round "1"]
[White "silverado"]
[Black "pollo"]
[Result "1-0"]
[WhiteElo "1992"]
[BlackElo "1807"]

1. d4 Nc6 2. Nf3 d5 3. Bf4 h6 4. h4 Bg4 5. Ne5 Nxe5 6. dxe5 f6 7. exf6 Nxf6 8.
f3 Bf5 9. g4 Be6 10. Bh3 g5 11. hxg5 hxg5 12. Bxg5 Nxg4 13. fxg4 Bxg4 14. Bg2
Bg7 15. Rxh8+ Bxh8 16. c3 Qd6 17. Qxd5 Qxd5 18. Bxd5 O-O-O 19. Bg2 c6 20. Na3
Bf6 21. Bxf6 exf6 22. Nc2 Re8 23. e3 f5 24. Kf2 c5 25. Na3 a6 26. Nc4 b5 27.
Nd6+ 1-0

[Event "AUTO-ADV-4801"]
[Site "http://www.queenalice.com/game.php?id=1851059"]
[Date "2025.1.25"]
[Round "2"]
[White "carlitomontana93270"]
[Black "pollo"]
[Result "1-0"]
[WhiteElo "1808"]
[BlackElo "1807"]

1. c4 e5 2. d3 h6 3. g3 Nf6 4. Bg2 c6 5. Nf3 Bd6 6. O-O Na6 7. Bd2 Bc5 8. e3 d5
9. cxd5 Nxd5 10. e4 Ndb4 11. Bxb4 Nxb4 12. Ne1 h5 13. a3 Bg4 14. Qb3 Be2 15.
axb4 Bd4 16. Nf3 Bxf1 17. Bxf1 a5 18. bxa5 Rxa5 19. Rxa5 Qxa5 20. Qxb7 O-O 21.
Nxd4 c5 22. Nc6 Qa1 23. Nc3 Qc1 24. Nd5 Qg5 25. Nce7+ Kh8 26. Nf5 g6 27. Nd6 h4
28. Nxf7+ 1-0

[Event "AUTO-ADV-4801"]
[Site "http://www.queenalice.com/game.php?id=1851060"]
[Date "2025.1.25"]
[Round "2"]
[White "pollo"]
[Black "carlitomontana93270"]
[Result "1-0"]
[WhiteElo "1789"]
[BlackElo "1837"]

1. e4 c5 2. Nc3 d6 3. h3 g6 4. Bc4 e6 5. Nf3 Bg7 6. d3 Nf6 7. d4 cxd4 8. Nxd4
O-O 9. O-O e5 10. Ndb5 Ne8 11. Na4 a6 12. Nxd6 Nxd6 13. Bd5 Nc6 14. Be3 Ne7 15.
Bc5 Nxd5 16. Qxd5 Nxe4 17. Qxe4 Qc7 18. Bxf8 Kxf8 19. Qb4+ Kg8 20. Nb6 Rb8 21.
Nd5 Qd7 22. Rad1 Qe6 23. Ne7+ Kf8 24. Rd8# 1-0

[Event "AUTO-ADV-4801"]
[Site "http://www.queenalice.com/game.php?id=1851061"]
[Date "2025.1.25"]
[Round "2"]
[White "Danado"]
[Black "pollo"]
[Result "1-0"]
[WhiteElo "1659"]
[BlackElo "1804"]

1. e4 e5 2. Nf3 Nc6 3. a3 Nf6 4. Nc3 a6 5. Bc4 b5 6. Bd5 Bb7 7. Bxc6 Bxc6 8. d3
Bc5 9. Be3 Qe7 10. Bxc5 Qxc5 11. O-O O-O 12. h3 d5 13. Nxe5 dxe4 14. Nxc6 Qxc6
15. dxe4 Nxe4 16. Nxe4 Qxe4 17. Re1 Qc6 18. c3 Qg6 19. Qe2 Rfe8 20. Qxe8+ 1-0

[Event "AUTO-ADV-4801"]
[Site "http://www.queenalice.com/game.php?id=1851062"]
[Date "2025.1.25"]
[Round "2"]
[White "pollo"]
[Black "Danado"]
[Result "1-0"]
[WhiteElo "1782"]
[BlackElo "1681"]

1. e4 e5 2. Nf3 Nc6 3. Bc4 h6 4. O-O Bc5 5. c3 Nf6 6. b4 Bb6 7. Na3 Nxe4 8. b5
Na5 9. Bd5 Nf6 10. Bxf7+ Kxf7 11. Nxe5+ Kg8 12. Ng6 Rh7 13. Re1 Bc5 14. d4 Be7
15. Nxe7+ Kf7 16. Nf5 d6 17. Qf3 g6 18. Nxh6+ Kg7 19. Bg5 b6 20. c4 Bf5 21.
Nxf5+ Kg8 22. Nh6+ Kg7 23. Re6 Rxh6 24. Bxf6+ 1-0

[Event "AUTO-OPEN-4585"]
[Site "http://www.queenalice.com/game.php?id=1854885"]
[Date "2025.4.2"]
[Round "1"]
[White "Magnaroc"]
[Black "pollo"]
[Result "0-1"]
[WhiteElo "1616"]
[BlackElo "1709"]

1. e4 e5 2. Nf3 d6 3. d4 exd4 4. Nxd4 Nf6 5. Nc3 d5 6. exd5 Nxd5 7. Nxd5 Qxd5 8.
Qe2+ Be7 9. Qb5+ c6 10. Qxd5 cxd5 11. Nb5 Na6 12. Bf4 O-O 13. O-O-O Bf5 14. Nc3
Be6 15. Bxa6 bxa6 16. Nxd5 Bc5 17. f3 a5 0-1

[Event "AUTO-OPEN-4585"]
[Site "http://www.queenalice.com/game.php?id=1854886"]
[Date "2025.4.2"]
[Round "1"]
[White "pollo"]
[Black "Magnaroc"]
[Result "1-0"]
[WhiteElo "1721"]
[BlackElo "1604"]

1. d4 d5 2. e3 e6 3. Nf3 Nf6 4. Bd3 c5 5. Ne5 c4 6. Be2 Bd6 7. b3 b5 8. Na3 Qa5+
9. Kf1 Bxa3 10. Bd2 c3 11. Bxc3 Qxc3 12. Bxb5+ Bd7 13. Bd3 O-O 14. h4 Nc6 15.
Nxd7 Nxd7 16. h5 1-0

[Event "AUTO-OPEN-4585"]
[Site "http://www.queenalice.com/game.php?id=1854911"]
[Date "2025.4.2"]
[Round "1"]
[White "JailtonMaster"]
[Black "pollo"]
[Result "1-0"]
[WhiteElo "2063"]
[BlackElo "1720"]

1. e4 e5 2. Nf3 Nc6 3. Bb5 Nge7 4. O-O a6 5. Ba4 b5 6. Bb3 Bb7 7. c3 Na5 8. Bc2
Ng6 9. d4 Nc4 10. b3 Nd6 11. Re1 f6 12. Bb2 Be7 13. Nbd2 O-O 14. Rc1 1-0

[Event "AUTO-OPEN-4585"]
[Site "http://www.queenalice.com/game.php?id=1854912"]
[Date "2025.4.2"]
[Round "1"]
[White "pollo"]
[Black "JailtonMaster"]
[Result "0-1"]
[WhiteElo "1722"]
[BlackElo "2061"]

1. e4 c5 2. d3 Nc6 3. Be3 e6 4. Nf3 d5 5. c4 Nf6 6. e5 Nd7 7. Qa4 Be7 8. Be2 O-O
9. Bf4 f6 10. cxd5 exd5 11. e6 Nb6 12. Qc2 Bxe6 13. O-O Rc8 0-1

[Event "AUTO-OPEN-4585"]
[Site "http://www.queenalice.com/game.php?id=1854927"]
[Date "2025.4.2"]
[Round "1"]
[White "MarcosT"]
[Black "pollo"]
[Result "1-0"]
[WhiteElo "2061"]
[BlackElo "1772"]

1. d4 Nf6 2. e3 d5 3. Nd2 Bf5 4. Ngf3 e6 5. c3 Ne4 6. Be2 Bd6 7. O-O O-O 8. Nxe4
Bxe4 9. Nd2 Bxg2 10. Kxg2 f5 11. f4 Rf6 12. Rf3 Rh6 13. Rg3 1-0

[Event "AUTO-OPEN-4585"]
[Site "http://www.queenalice.com/game.php?id=1854928"]
[Date "2025.4.2"]
[Round "1"]
[White "pollo"]
[Black "MarcosT"]
[Result "0-1"]
[WhiteElo "1777"]
[BlackElo "2056"]

1. d4 d5 2. Nc3 e6 3. e3 Bd6 4. g3 Nd7 5. Bg2 Ngf6 6. Nh3 O-O 7. O-O c6 8. e4
dxe4 9. Nxe4 Bc7 10. Neg5 h6 0-1

[Event "AUTO-ADV-4860"]
[Site "http://www.queenalice.com/game.php?id=1855767"]
[Date "2025.4.18"]
[Round "1"]
[White "IranSilva"]
[Black "pollo"]
[Result "1-0"]
[WhiteElo "2110"]
[BlackElo "1742"]

1. Nf3 e6 2. d4 Nc6 3. c4 Nf6 4. Nc3 d5 5. cxd5 Nxd5 6. e4 Nb6 7. Be2 Na5 8. b3
Bb4 9. Bd2 a6 10. O-O h6 11. Qc2 1-0

[Event "AUTO-ADV-4860"]
[Site "http://www.queenalice.com/game.php?id=1855783"]
[Date "2025.4.18"]
[Round "1"]
[White "Castling"]
[Black "pollo"]
[Result "1-0"]
[WhiteElo "1700"]
[BlackElo "1748"]

1. e4 e5 2. Bc4 Nf6 3. d3 h6 4. Nf3 Nc6 5. a3 Bc5 6. h3 d5 7. Bb5 Bd7 8. Bxc6
Bxc6 9. Nxe5 dxe4 10. Nxc6 bxc6 11. d4 Bxd4 12. O-O 1-0

[Event "AUTO-ADV-4860"]
[Site "http://www.queenalice.com/game.php?id=1855795"]
[Date "2025.4.18"]
[Round "1"]
[White "pollo"]
[Black "Daniel1962"]
[Result "0-1"]
[WhiteElo "1740"]
[BlackElo "1687"]

1. e4 e5 2. Nf3 d6 3. Nc3 Be6 4. d4 exd4 5. Nxd4 c5 6. Bb5+ Nd7 7. Nxe6 fxe6 8.
O-O a6 9. Bc4 Qf6 10. Be3 Ne5 11. Be2 Nh6 0-1